000
00291nam a2200121Ia 4500
005
20251222175923.0
008
251222s9999||||xx |||||||||||||| ||spa||
020
_a
8474320976
082
_a
338.001/B28
100
_a
Baudrillard, Jean
245
0
_a
El Espejo de la Producción
942
_c
LIB
999
_c
40731
_d
40731